[Event "SV Weidenau/Geisweid 1 - SC Bonn Beuel "]
[Site "NRW-Klasse - Gruppe 4 2019/20"]
[Date "2020.01.12"]
[Round "5.2"]
[White "Send, Sebastian"]
[Black "Hoppe, Thilo"]
[Result "1/2-1/2"]
[WhiteElo "2112"]
[BlackElo "2132"]
[PlyCount "49"]
[EventDate "2020.??.??"]
[SourceVersionDate "2020.03.16"]
[WhiteTeam "SV Weidenau/Geisweid 1"]
[BlackTeam "SC Bonn Beuel 1"]

1. Nf3 Nf6 2. c4 g6 3. g3 Bg7 4. Bg2 O-O 5. O-O d6 6. Nc3 e5 7. d3 c6 8. Rb1 h6
9. b4 Be6 10. Bb2 Nbd7 11. b5 d5 12. bxc6 bxc6 13. Ba3 Re8 14. Qa4 dxc4 15.
dxc4 Nb6 16. Qxc6 Nxc4 17. Rfd1 Qc8 18. Qxc8 Raxc8 19. Bc1 Rb8 20. Rxb8 Rxb8
21. Ne1 Nb2 22. Rd2 Nc4 23. Rd1 Nb2 24. Rd2 Nc4 25. Rd1 1/2-1/2

[Event "SV Weidenau/Geisweid 1 - SC Bonn Beuel "]
[Site "NRW-Klasse - Gruppe 4 2019/20"]
[Date "2020.01.12"]
[Round "5.3"]
[White "Gikas, Andreas Basilius"]
[Black "Scholl, Patrick"]
[Result "0-1"]
[WhiteElo "2183"]
[BlackElo "1965"]
[PlyCount "82"]
[EventDate "2020.??.??"]
[SourceVersionDate "2020.03.16"]
[WhiteTeam "SC Bonn Beuel 1"]
[BlackTeam "SV Weidenau/Geisweid 1"]

1. e4 e5 2. Nf3 Nc6 3. Nc3 Nf6 4. Bb5 Bb4 5. O-O O-O 6. d3 Bxc3 7. bxc3 d6 8.
Bg5 h6 9. Bh4 a6 10. Bxc6 bxc6 11. d4 Qe7 12. Re1 a5 13. Qc1 Bg4 14. Re3 Qe6
15. Nd2 g5 16. Bg3 Bh5 17. Nf1 Bg6 18. Re1 Nxe4 19. f3 Nxg3 20. Nxg3 f6 21. h4
Qc4 22. Qd2 exd4 23. cxd4 Rfe8 24. hxg5 hxg5 25. Ne4 Kf7 26. c3 Re6 27. Re3
Rae8 28. Rae1 a4 29. a3 c5 30. Kf2 cxd4 31. cxd4 Bxe4 32. fxe4 c5 33. dxc5 Qxc5
34. Rc1 Qe5 35. Rc7+ R6e7 36. Rxe7+ Rxe7 37. Qe2 Qf4+ 38. Kg1 Rc7 39. Qh5+ Kg7
40. Re1 Rc2 41. Qe8 Qf2+ 0-1

[Event "SV Weidenau/Geisweid 1 - SC Bonn Beuel "]
[Site "NRW-Klasse - Gruppe 4 2019/20"]
[Date "2020.01.12"]
[Round "5.4"]
[White "Meinhardt, Michael"]
[Black "Rosskothen, Arnd"]
[Result "1-0"]
[WhiteElo "1997"]
[BlackElo "2052"]
[PlyCount "105"]
[EventDate "2020.??.??"]
[SourceVersionDate "2020.03.16"]
[WhiteTeam "SV Weidenau/Geisweid 1"]
[BlackTeam "SC Bonn Beuel 1"]

1. c4 c5 2. g3 g6 3. Bg2 Bg7 4. Nc3 Nc6 5. a3 d6 6. Rb1 a5 7. Nf3 e6 8. d3 Nge7
9. Bd2 Nf5 10. Ne4 O-O 11. O-O Ra7 12. Bg5 f6 13. Bd2 b6 14. Nc3 Raf7 15. Na4
Bb7 16. b4 axb4 17. axb4 Ba8 18. bxc5 bxc5 19. Nc3 Nfd4 20. Nb5 f5 21. Nfxd4
cxd4 22. Ra1 Bb7 23. Qc1 Ne5 24. Bg5 Qb6 25. Qa3 Bxg2 26. Kxg2 Rd7 27. Qa6 Qxa6
28. Rxa6 Nf7 29. Bd2 Rb8 30. Ba5 Be5 31. f4 Bf6 32. Rc1 Kg7 33. Bc7 Rb7 34.
Nxd6 Rdxc7 35. Ne8+ Kf8 36. Nxf6 Ke7 37. Nxh7 Rb2 38. Kf3 e5 39. Rxg6 Ra7 40.
Ng5 e4+ 41. dxe4 Ra3+ 42. Kf2 Raa2 43. Re6+ Kd7 44. exf5 Nd6 45. c5 Nxf5 46.
c6+ Kc7 47. Re5 d3 48. Ne6+ Kd6 49. c7 Rxe2+ 50. Rxe2 Rxe2+ 51. Kf3 Ne7 52.
c8=Q Nxc8 53. Rxc8 1-0

[Event "SV Weidenau/Geisweid 1 - SC Bonn Beuel "]
[Site "NRW-Klasse - Gruppe 4 2019/20"]
[Date "2020.01.12"]
[Round "5.5"]
[White "Koch, Matthias"]
[Black "Dueber, Olaf"]
[Result "1-0"]
[WhiteElo "1950"]
[BlackElo "1931"]
[PlyCount "77"]
[EventDate "2020.??.??"]
[SourceVersionDate "2020.03.16"]
[WhiteTeam "SC Bonn Beuel 1"]
[BlackTeam "SV Weidenau/Geisweid 1"]

1. e4 e5 2. Nc3 Nf6 3. f4 d5 4. fxe5 Nxe4 5. d3 Nxc3 6. bxc3 d4 7. Nf3 Nc6 8.
cxd4 Bb4+ 9. Bd2 Bxd2+ 10. Qxd2 Nxd4 11. c3 Nxf3+ 12. gxf3 Qh4+ 13. Qf2 Qf4 14.
d4 Bd7 15. Bd3 Bc6 16. O-O O-O-O 17. Be4 Bd5 18. Qe2 f6 19. Bxd5 Rxd5 20. Qe4
Qxe4 21. fxe4 Rb5 22. exf6 gxf6 23. Rxf6 Rg8+ 24. Kf1 Rbg5 25. Re1 h5 26. Ke2
Ra5 27. Ra1 Rb5 28. Rf2 h4 29. Raf1 Kd7 30. Rf7+ Ke8 31. Rxc7 Rg2+ 32. Kd3 Rbb2
33. Kc4 h3 34. Rff7 Kd8 35. d5 b5+ 36. Kd4 Rbd2+ 37. Ke5 Rg5+ 38. Kf6 Rg4 39.
Rxa7 1-0

[Event "SV Weidenau/Geisweid 1 - SC Bonn Beuel "]
[Site "NRW-Klasse - Gruppe 4 2019/20"]
[Date "2020.01.12"]
[Round "5.6"]
[White "Boyko, Oleksiy"]
[Black "Woeltge, Carsten"]
[Result "0-1"]
[WhiteElo "1943"]
[BlackElo "1831"]
[PlyCount "54"]
[EventDate "2020.??.??"]
[SourceVersionDate "2020.03.16"]
[WhiteTeam "SV Weidenau/Geisweid 1"]
[BlackTeam "SC Bonn Beuel 1"]

1. d4 Nf6 2. c4 g6 3. Nc3 Bg7 4. e4 d6 5. Nf3 O-O 6. Be2 e5 7. d5 a5 8. Bg5 h6
9. Bh4 Na6 10. Nd2 Qe8 11. a3 Bd7 12. b3 Nh7 13. O-O f5 14. f3 f4 15. Rb1 g5
16. Bf2 h5 17. b4 axb4 18. axb4 Qg6 19. Kh1 g4 20. c5 g3 21. Bg1 Bh3 22. hxg3
fxg3 23. Be3 Bc8 24. Nc4 Qf6 25. Re1 Qh4+ 26. Kg1 Qh2+ 27. Kf1 Bh3 0-1

[Event "SV Weidenau/Geisweid 1 - SC Bonn Beuel "]
[Site "NRW-Klasse - Gruppe 4 2019/20"]
[Date "2020.01.12"]
[Round "5.7"]
[White "Oechtering, Marcus"]
[Black "Piskorz, Andreas"]
[Result "1/2-1/2"]
[WhiteElo "1881"]
[BlackElo "1893"]
[PlyCount "47"]
[EventDate "2020.??.??"]
[SourceVersionDate "2020.03.16"]
[WhiteTeam "SC Bonn Beuel 1"]
[BlackTeam "SV Weidenau/Geisweid 1"]

1. d4 d5 2. c4 e6 3. Nf3 Nf6 4. Nc3 Be7 5. Bg5 O-O 6. e3 h6 7. Bh4 b6 8. Bd3
Bb7 9. cxd5 Nxd5 10. Bxe7 Qxe7 11. O-O Nd7 12. Nxd5 Bxd5 13. e4 Bb7 14. Qe2 c5
15. Rac1 Rfc8 16. Bb1 cxd4 17. Nxd4 Nc5 18. Qe3 Qf6 19. e5 Qg5 20. Qxg5 hxg5
21. Rfe1 Ba6 22. b4 Nd3 23. Bxd3 Bxd3 24. Rcd1 1/2-1/2

[Event "SV Weidenau/Geisweid 1 - SC Bonn Beuel "]
[Site "NRW-Klasse - Gruppe 4 2019/20"]
[Date "2020.01.12"]
[Round "5.8"]
[White "Boushmelev, Daniel"]
[Black "Workowski, Uwe"]
[Result "1/2-1/2"]
[WhiteElo "1548"]
[BlackElo "1860"]
[PlyCount "139"]
[EventDate "2020.??.??"]
[SourceVersionDate "2020.03.16"]
[WhiteTeam "SV Weidenau/Geisweid 1"]
[BlackTeam "SC Bonn Beuel 1"]

1. d4 Nf6 2. c4 e5 3. dxe5 Ng4 4. Nf3 Nc6 5. Bf4 Bb4+ 6. Nbd2 Qe7 7. e3 Ngxe5
8. Nxe5 Nxe5 9. Be2 d6 10. O-O Bxd2 11. Qxd2 O-O 12. Rfd1 b6 13. Bxe5 Qxe5 14.
Bf3 Rb8 15. b4 Be6 16. Rac1 h6 17. Bd5 Rfe8 18. Qd4 Kf8 19. Qxe5 dxe5 20. Rd2
Ke7 21. Bxe6 Kxe6 22. Rcd1 a5 23. b5 Ke7 24. Rd7+ Ke6 25. Rxc7 Red8 26. Rxd8
Rxd8 27. g3 e4 28. c5 bxc5 29. Rxc5 Rd2 30. b6 Rb2 31. Rxa5 Rxb6 32. Ra7 Rb2
33. g4 g6 34. a4 Ra2 35. a5 Kf6 36. Kg2 g5 37. a6 Kg7 38. Kg3 Kg6 39. h3 Kg7
40. Ra8 Ra1 41. a7 Rg1+ 42. Kh2 Ra1 43. Kg2 Ra3 44. Kf1 Kf6 45. Ke1 Kg7 46. Kd1
Kf6 47. Kc1 Kg7 48. Kb1 Ra4 49. Kb2 Kf6 50. Kb3 Ra1 51. Kc4 Ra4+ 52. Kd5 Kg7
53. Kc6 Ra2 54. Kb6 Rb2+ 55. Kc5 Ra2 56. Kd4 Ra4+ 57. Kc5 Ra2 58. Kd5 Ra4 59.
Rc8 Rxa7 60. Kxe4 Ra2 61. Kf3 Ra1 62. Rc3 Rh1 63. Kg2 Re1 64. f4 Re2+ 65. Kg3
Re1 66. f5 Kf6 67. Rc6+ Kg7 68. Rc3 Kf6 69. Kf2 Rh1 70. Kg2 1/2-1/2

[Event "Siegener SV 1 - SV Hilden 1"]
[Site "NRW-Klasse - Gruppe 4 2019/20"]
[Date "2020.01.12"]
[Round "5.1"]
[White "Kretzschmar, Michael"]
[Black "Schischke, Reinhard"]
[Result "1/2-1/2"]
[WhiteElo "2120"]
[BlackElo "2147"]
[PlyCount "30"]
[EventDate "2020.??.??"]
[SourceVersionDate "2020.03.16"]
[WhiteTeam "SV Hilden 1"]
[BlackTeam "Siegener SV 1"]

1. d4 Nf6 2. Nf3 b6 3. Bf4 Ba6 4. Nbd2 e6 5. c3 Be7 6. Qc2 c5 7. dxc5 bxc5 8.
e4 Bxf1 9. Nxf1 d5 10. N1d2 Nc6 11. O-O O-O 12. h3 Rc8 13. Ne5 Nh5 14. Nxc6
Rxc6 15. Bh2 Bg5 1/2-1/2

[Event "Siegener SV 1 - SV Hilden 1"]
[Site "NRW-Klasse - Gruppe 4 2019/20"]
[Date "2020.01.12"]
[Round "5.2"]
[White "Bouillon, Christian"]
[Black "Mrotzek, Alexander"]
[Result "1-0"]
[WhiteElo "2036"]
[BlackElo "1996"]
[PlyCount "71"]
[EventDate "2020.??.??"]
[SourceVersionDate "2020.03.16"]
[WhiteTeam "Siegener SV 1"]
[BlackTeam "SV Hilden 1"]

1. e4 c6 2. c4 g6 3. Nc3 Bg7 4. d4 d6 5. Be2 Nd7 6. Nf3 Ngf6 7. e5 dxe5 8. dxe5
Ng4 9. e6 fxe6 10. Ng5 Nxf2 11. Kxf2 O-O+ 12. Ke1 Qb6 13. Rf1 Nf6 14. Qd3 e5
15. c5 Qa5 16. Qc4+ Nd5 17. Rxf8+ Bxf8 18. Bd2 Qd8 19. Qh4 h6 20. Nf3 g5 21.
Qe4 Nf4 22. Bc4+ e6 23. Nxe5 Nxg2+ 24. Qxg2 Qd4 25. Qe4 Qg1+ 26. Ke2 Qxh2+ 27.
Kd3 Bg7 28. Ng4 Qg3+ 29. Kc2 h5 30. Bxe6+ Bxe6 31. Qxe6+ Kh8 32. Rh1 h4 33. Ne4
Qg2 34. Rh2 Qg1 35. Bxg5 Qxc5+ 36. Nxc5 1-0

[Event "Siegener SV 1 - SV Hilden 1"]
[Site "NRW-Klasse - Gruppe 4 2019/20"]
[Date "2020.01.12"]
[Round "5.3"]
[White "Payenberg, Dirk"]
[Black "Richter, Gerald"]
[Result "1-0"]
[WhiteElo "1992"]
[BlackElo "1978"]
[PlyCount "111"]
[EventDate "2020.??.??"]
[SourceVersionDate "2020.03.16"]
[WhiteTeam "SV Hilden 1"]
[BlackTeam "Siegener SV 1"]

1. e4 c5 2. Nc3 Nc6 3. f4 g6 4. Nf3 Bg7 5. Bb5 Nd4 6. a4 a6 7. Bc4 e6 8. d3 Ne7
9. e5 d5 10. exd6 Qxd6 11. Ne4 Qc7 12. c3 Ndf5 13. Qe2 Bd7 14. O-O O-O 15. Ne5
Rac8 16. a5 Nd5 17. Qf2 Bb5 18. b3 Nd6 19. Bxd5 exd5 20. Nxd6 Qxd6 21. c4 Bd7
22. d4 dxc4 23. dxc5 Qe6 24. bxc4 Bc6 25. Bb2 f6 26. Nxc6 Qxc6 27. Bd4 f5 28.
Bxg7 Kxg7 29. Rab1 Rf7 30. Qd4+ Kg8 31. Rfe1 Rd7 32. Qc3 Qxc5+ 33. Kh1 Kf7 34.
Rb6 Rc6 35. Qh8 Qf8 36. Qxh7+ Qg7 37. Qxg7+ Kxg7 38. Rxc6 bxc6 39. g3 Rd4 40.
Re7+ Kf6 41. Ra7 Rxc4 42. Rxa6 g5 43. fxg5+ Kxg5 44. Kg2 Rc2+ 45. Kf3 Rc3+ 46.
Kg2 Rc2+ 47. Kh3 Ra2 48. Ra8 Kh6 49. a6 Kg7 50. Kh4 Rxh2+ 51. Kg5 Rg2 52. Ra7+
Kg8 53. Rb7 Rxg3+ 54. Kf6 f4 55. a7 Ra3 56. Rb8+ 1-0

[Event "Siegener SV 1 - SV Hilden 1"]
[Site "NRW-Klasse - Gruppe 4 2019/20"]
[Date "2020.01.12"]
[Round "5.4"]
[White "Schmidt, Matthias"]
[Black "Glowatz, Christoph"]
[Result "1/2-1/2"]
[WhiteElo "1952"]
[BlackElo "1980"]
[PlyCount "166"]
[EventDate "2020.??.??"]
[SourceVersionDate "2020.03.16"]
[WhiteTeam "Siegener SV 1"]
[BlackTeam "SV Hilden 1"]

1. e4 c5 2. Nc3 Nc6 3. f4 e6 4. Nf3 Nge7 5. Be2 d5 6. O-O d4 7. Nb1 g6 8. d3
Bg7 9. a3 Qc7 10. Qe1 Bd7 11. Qg3 h6 12. Nbd2 O-O-O 13. b4 g5 14. bxc5 Ng6 15.
fxg5 Nce5 16. Nb3 Nxf3+ 17. Qxf3 hxg5 18. h3 Ne5 19. Qg3 Rdg8 20. Bd2 f5 21.
exf5 exf5 22. Ba5 b6 23. cxb6 axb6 24. Bd2 f4 25. Qf2 f3 26. Bxf3 g4 27. Bd5
Rf8 28. Qg3 Nf3+ 29. Rxf3 gxf3 30. Qxc7+ Kxc7 31. Bxf3 Bc6 32. Bg4 Bd7 33. Be2
Bc6 34. a4 Be5 35. a5 Rhg8 36. axb6+ Kxb6 37. Bg4 Bd5 38. Rb1 Kc7 39. Ba5+ Kc6
40. Bd2 Ra8 41. Na5+ Kc7 42. Rb5 Rgd8 43. Bg5 Rd6 44. Be7 Rda6 45. Rxd5 Rxa5
46. Bd8+ Rxd8 47. Rxa5 Bg3 48. Bf3 Rb8 49. Ra1 Kd6 50. Kf1 Ke5 51. Ke2 Rb2 52.
Kd1 Bf2 53. Be4 Kf4 54. Bd5 Rb5 55. Bf3 Ke3 56. Be4 Bg3 57. Bf3 Bf2 58. Bc6 Rb6
59. Be4 Bg3 60. Rc1 Rb2 61. Ra1 Rb6 62. Kc1 Be1 63. Kd1 Bg3 64. c4 dxc3 65. Ra3
Be5 66. h4 Rb1+ 67. Kc2 Rb2+ 68. Kc1 Bd4 69. h5 Rf2 70. Ra4 Rf1+ 71. Kc2 Rf2+
72. Kb1 Kd2 73. Ra2+ Kd1 74. Rxf2 Bxf2 75. d4 Bxd4 76. h6 Ke2 77. Kc2 Ke3 78.
Bf5 Kf4 79. g4 Kg5 80. h7 Bh8 81. Kb3 Bg7 82. Kc4 c2 83. Bxc2 Kxg4 1/2-1/2

[Event "Siegener SV 1 - SV Hilden 1"]
[Site "NRW-Klasse - Gruppe 4 2019/20"]
[Date "2020.01.12"]
[Round "5.5"]
[White "Schwab, Thomas"]
[Black "Besser, Jochen"]
[Result "1/2-1/2"]
[WhiteElo "1938"]
[BlackElo "1893"]
[PlyCount "26"]
[EventDate "2020.??.??"]
[SourceVersionDate "2020.03.16"]
[WhiteTeam "SV Hilden 1"]
[BlackTeam "Siegener SV 1"]

1. e4 c5 2. Nf3 g6 3. d4 cxd4 4. Nxd4 Nc6 5. Be2 Nf6 6. Nc3 Bg7 7. Be3 O-O 8.
O-O d5 9. exd5 Nxd5 10. Nxd5 Nxd4 11. Bxd4 Qxd5 12. Bxg7 Qxd1 13. Rfxd1 Kxg7
1/2-1/2

[Event "Siegener SV 1 - SV Hilden 1"]
[Site "NRW-Klasse - Gruppe 4 2019/20"]
[Date "2020.01.12"]
[Round "5.6"]
[White "Lindner, Torsten"]
[Black "Hanke, Stefan"]
[Result "1-0"]
[WhiteElo "1858"]
[BlackElo "1913"]
[PlyCount "45"]
[EventDate "2020.??.??"]
[SourceVersionDate "2020.03.16"]
[WhiteTeam "Siegener SV 1"]
[BlackTeam "SV Hilden 1"]

1. e4 c5 2. Nf3 Nc6 3. d4 cxd4 4. Nxd4 g6 5. Nc3 Bg7 6. Be3 Nf6 7. f3 O-O 8.
Qd2 d5 9. O-O-O dxe4 10. Nxc6 Qxd2+ 11. Rxd2 bxc6 12. Nxe4 Nd5 13. Bc5 Bh6 14.
c4 Bxd2+ 15. Kxd2 f5 16. cxd5 fxe4 17. Bc4 e3+ 18. Kxe3 Kf7 19. Rd1 Rd8 20. Rd4
Ke8 21. Re4 e6 22. dxe6 Rd1 23. Rf4 1-0

[Event "Siegener SV 1 - SV Hilden 1"]
[Site "NRW-Klasse - Gruppe 4 2019/20"]
[Date "2020.01.12"]
[Round "5.7"]
[White "Krause, Peter"]
[Black "Scholl, Eckhard"]
[Result "1/2-1/2"]
[WhiteElo "1874"]
[BlackElo "1882"]
[PlyCount "56"]
[EventDate "2020.??.??"]
[SourceVersionDate "2020.03.16"]
[WhiteTeam "SV Hilden 1"]
[BlackTeam "Siegener SV 1"]

1. Nf3 g6 2. g3 Bg7 3. c4 e5 4. Nc3 d6 5. Bg2 f5 6. d3 Nf6 7. Rb1 a5 8. a3 O-O
9. Bg5 h6 10. Bxf6 Rxf6 11. b4 axb4 12. axb4 c6 13. Qb3 Rf8 14. O-O Kh7 15. Ra1
Rxa1 16. Rxa1 Nd7 17. Ra3 Qe7 18. Nd2 g5 19. Qc2 Kh8 20. b5 d5 21. Ncb1 e4 22.
bxc6 bxc6 23. cxd5 cxd5 24. Nf1 Ne5 25. Ra5 Be6 26. Rc5 Rb8 27. Rc7 Qd8 28.
Nbd2 Rc8 1/2-1/2

[Event "Siegener SV 1 - SV Hilden 1"]
[Site "NRW-Klasse - Gruppe 4 2019/20"]
[Date "2020.01.12"]
[Round "5.8"]
[White "Besser, Axel"]
[Black "Weinrich, Herbert"]
[Result "0-1"]
[WhiteElo "1881"]
[BlackElo "1843"]
[PlyCount "66"]
[EventDate "2020.??.??"]
[SourceVersionDate "2020.03.16"]
[WhiteTeam "Siegener SV 1"]
[BlackTeam "SV Hilden 1"]

1. d4 Nf6 2. c4 g6 3. Nc3 Bg7 4. e4 d6 5. h3 O-O 6. Nf3 e5 7. dxe5 dxe5 8. Qxd8
Rxd8 9. Bg5 c6 10. Be2 Re8 11. O-O Na6 12. Be3 Nd7 13. g4 Nac5 14. b4 Ne6 15.
Rac1 Nf4 16. Bxf4 exf4 17. Bd3 Ne5 18. Nxe5 Bxe5 19. f3 Be6 20. Rfd1 Red8 21.
a4 a5 22. b5 g5 23. Ne2 Rd7 24. Rb1 Rad8 25. Bc2 Bxc4 26. Rxd7 Rxd7 27. bxc6
bxc6 28. Bd1 Rxd1+ 29. Rxd1 Bxe2 30. Rd8+ Kg7 31. Ra8 Bc3 32. Rc8 c5 33. Kf2
Bd1 0-1

[Event "SF Stadtverwaltung Bonn 1 - Langenfelde"]
[Site "NRW-Klasse - Gruppe 4 2019/20"]
[Date "2020.01.12"]
[Round "5.1"]
[White "Rechmann, Peter"]
[Black "Horstmann, Olaf"]
[Result "1/2-1/2"]
[WhiteElo "2202"]
[BlackElo "2147"]
[PlyCount "157"]
[EventDate "2020.??.??"]
[SourceVersionDate "2020.03.16"]
[WhiteTeam "Langenfelder SF 1"]
[BlackTeam "SF Stadtverwaltung Bonn 1"]

1. d4 e6 2. Nf3 f5 3. Bf4 Nf6 4. e3 Be7 5. h3 d6 6. Be2 O-O 7. O-O Qe8 8. c4
Nc6 9. Nc3 Ne4 10. Nb5 Bd8 11. Nd2 e5 12. dxe5 dxe5 13. Bh2 Nf6 14. a3 Be6 15.
Nf3 Nd7 16. b4 Qf7 17. Rc1 g5 18. Nc3 Qg7 19. Nd5 h5 20. Kh1 g4 21. Ne1 Ne7 22.
Nxe7+ Bxe7 23. c5 Rad8 24. c6 Nb6 25. Qc2 bxc6 26. hxg4 hxg4 27. Nd3 Bd6 28.
Nc5 Bd5 29. e4 fxe4 30. Nxe4 Rf4 31. Bxf4 exf4 32. Bxg4 Qh7+ 33. Kg1 Bxe4 34.
Qb3+ Bd5 35. Be6+ Kf8 36. Bxd5 cxd5 37. Rfe1 Kf7 38. Qf3 Rh8 39. g3 Qh2+ 40.
Kf1 Qh1+ 41. Qxh1 Rxh1+ 42. Kg2 Rxe1 43. Rxe1 Nc4 44. Rd1 fxg3 45. Rxd5 gxf2
46. Rd3 Ke6 47. Kxf2 Kd7 48. Rc3 Nb6 49. Ke2 Ke6 50. Kd3 Kd5 51. Kc2 Kd4 52.
Kb3 Nd5 53. Rc4+ Ke5 54. Rh4 Nb6 55. Rh5+ Ke6 56. Ra5 Nc8 57. Kc4 c6 58. Rh5
Kd7 59. Rh7+ Be7 60. Rh8 Kc7 61. Rh6 Kb6 62. Rh5 Nd6+ 63. Kb3 Nb5 64. Rh7 Bf6
65. Rh6 Bg5 66. Rg6 Bf4 67. Rf6 Be5 68. Rh6 Nc7 69. Kc4 Bf4 70. Rf6 Bd2 71. Rg6
a5 72. Rd6 Be1 73. Rd1 Bf2 74. Rf1 Be3 75. Re1 Bf2 76. Rf1 Be3 77. Re1 Nd5 78.
bxa5+ Kxa5 79. Rxe3 1/2-1/2

[Event "SF Stadtverwaltung Bonn 1 - Langenfelde"]
[Site "NRW-Klasse - Gruppe 4 2019/20"]
[Date "2020.01.12"]
[Round "5.2"]
[White "Limp, Roland"]
[Black "Stoeber, Michael"]
[Result "0-1"]
[WhiteElo "2149"]
[BlackElo "2206"]
[PlyCount "64"]
[EventDate "2020.??.??"]
[SourceVersionDate "2020.03.16"]
[WhiteTeam "SF Stadtverwaltung Bonn 1"]
[BlackTeam "Langenfelder SF 1"]

1. c4 g6 2. Nc3 Bg7 3. g3 Nf6 4. Bg2 O-O 5. e4 c5 6. Nge2 Nc6 7. O-O a6 8. d3
Rb8 9. f4 d6 10. h3 Ne8 11. Be3 Nd4 12. Qd2 b5 13. Rab1 Nc7 14. cxb5 Ncxb5 15.
Nxb5 Rxb5 16. g4 Nxe2+ 17. Qxe2 Qb6 18. b3 a5 19. Rbc1 a4 20. bxa4 Rb4 21. e5
Bd7 22. a5 Qxa5 23. Rfd1 Qa3 24. d4 cxd4 25. Bf2 Ba4 26. Qd3 Qxd3 27. Rxd3 dxe5
28. fxe5 Bxe5 29. Re1 Bf6 30. g5 Bxg5 31. Rxd4 Rxd4 32. Bxd4 Rd8 0-1

[Event "SF Stadtverwaltung Bonn 1 - Langenfelde"]
[Site "NRW-Klasse - Gruppe 4 2019/20"]
[Date "2020.01.12"]
[Round "5.3"]
[White "Vogelmann, Peter"]
[Black "Weigant, Wladimir"]
[Result "0-1"]
[WhiteElo "2117"]
[BlackElo "2140"]
[PlyCount "74"]
[EventDate "2020.??.??"]
[SourceVersionDate "2020.03.16"]
[WhiteTeam "Langenfelder SF 1"]
[BlackTeam "SF Stadtverwaltung Bonn 1"]

1. e4 Nc6 2. Nf3 d6 3. d4 Nf6 4. Nc3 g6 5. h3 Bg7 6. Be3 a6 7. Qd2 h6 8. Bd3 e5
9. O-O exd4 10. Nxd4 Nxd4 11. Bxd4 O-O 12. a4 Be6 13. Be3 Kh7 14. f4 d5 15.
exd5 Nxd5 16. Nxd5 Qxd5 17. f5 Bxf5 18. Bxf5 Qxd2 19. Bxd2 gxf5 20. c3 Rad8 21.
Bf4 c6 22. Rf3 Rfe8 23. Raf1 Re2 24. Bc1 Rd5 25. Rxf5 Rxf5 26. Rxf5 Kg6 27. Rf2
Re4 28. Rf4 Rxf4 29. Bxf4 Kf5 30. Bd6 Ke4 31. Kf2 Kd5 32. Ba3 Kc4 33. g4 a5 34.
Ke3 Kb3 35. Kd3 b5 36. axb5 cxb5 37. Bc5 Kxb2 0-1

[Event "SF Stadtverwaltung Bonn 1 - Langenfelde"]
[Site "NRW-Klasse - Gruppe 4 2019/20"]
[Date "2020.01.12"]
[Round "5.4"]
[White "Suppert, Timur"]
[Black "Huelsmann, Josef"]
[Result "0-1"]
[WhiteElo "2145"]
[BlackElo "2143"]
[PlyCount "126"]
[EventDate "2020.??.??"]
[SourceVersionDate "2020.03.16"]
[WhiteTeam "SF Stadtverwaltung Bonn 1"]
[BlackTeam "Langenfelder SF 1"]

1. d4 e6 2. Nf3 d5 3. e3 Nd7 4. b3 c6 5. Bb2 Bd6 6. Nbd2 f5 7. Be2 Qf6 8. h4
Ne7 9. c4 b6 10. Qc2 Bb7 11. c5 Bc7 12. b4 O-O 13. a4 a5 14. b5 Rfc8 15. O-O h6
16. g3 g5 17. Kg2 g4 18. Ne1 e5 19. f3 gxf3+ 20. Ndxf3 e4 21. Nh2 Kh8 22. Kh3
Rg8 23. Rf4 Bxf4 24. exf4 Rg7 25. Nf1 Rc8 26. Qb3 Qe6 27. bxc6 Bxc6 28. Rb1 Rb8
29. Bb5 Rgg8 30. Qc3 Rgc8 31. Nc2 Kh7 32. Na3 Nf6 33. Bxc6 Nxc6 34. Nb5 Nb4 35.
Ba3 Nd3 36. Ne3 Ng4 37. Nxg4 fxg4+ 38. Kg2 Qd7 39. Rd1 Rc6 40. Rxd3 exd3 41.
Qxd3+ Kg8 42. Nd6 Rxd6 43. cxd6 Qe6 44. f5 Qe4+ 45. Qxe4 dxe4 46. Kf2 Kf7 47.
Ke3 Re8 48. Bc5 Rb8 49. Kxe4 bxc5 50. dxc5 Ke8 51. c6 Rb3 52. Kf4 Rc3 53. c7
Kd7 54. Kxg4 Kxd6 55. Kh5 Ke5 56. g4 Rxc7 57. Kxh6 Rc4 58. Kg5 Rxa4 59. h5 Rb4
60. h6 a4 61. h7 Rb8 62. f6 a3 63. Kg6 a2 0-1

[Event "SF Stadtverwaltung Bonn 1 - Langenfelde"]
[Site "NRW-Klasse - Gruppe 4 2019/20"]
[Date "2020.01.12"]
[Round "5.5"]
[White "Reinemer, Frank"]
[Black "Marzec, Ronny"]
[Result "1/2-1/2"]
[WhiteElo "2099"]
[BlackElo "2001"]
[PlyCount "48"]
[EventDate "2020.??.??"]
[SourceVersionDate "2020.03.16"]
[WhiteTeam "Langenfelder SF 1"]
[BlackTeam "SF Stadtverwaltung Bonn 1"]

1. d4 d5 2. c4 e6 3. Nc3 Nf6 4. Bg5 Be7 5. e3 O-O 6. cxd5 exd5 7. Qc2 c6 8. Bd3
Nbd7 9. Nge2 Re8 10. O-O-O b5 11. Kb1 a5 12. Ng3 a4 13. Nf5 Qa5 14. Nxe7+ Rxe7
15. Bxh7+ Kf8 16. Ne2 g6 17. Bxg6 fxg6 18. Nf4 Ke8 19. Qxc6 Qa6 20. Qc2 Nf8 21.
Nxg6 Rg7 22. Bxf6 Qxf6 23. Nf4 Bf5 24. Nd3 Rxg2 1/2-1/2

[Event "SF Stadtverwaltung Bonn 1 - Langenfelde"]
[Site "NRW-Klasse - Gruppe 4 2019/20"]
[Date "2020.01.12"]
[Round "5.6"]
[White "Wagner, Rainer"]
[Black "Wolfradt, Dirk"]
[Result "1/2-1/2"]
[WhiteElo "1995"]
[BlackElo "2045"]
[PlyCount "42"]
[EventDate "2020.??.??"]
[SourceVersionDate "2020.03.16"]
[WhiteTeam "SF Stadtverwaltung Bonn 1"]
[BlackTeam "Langenfelder SF 1"]

1. d4 Nf6 2. c4 e6 3. Nf3 b6 4. g3 Bb7 5. Bg2 Be7 6. O-O O-O 7. Nc3 Ne4 8. Qc2
f5 9. Rd1 Nxc3 10. Qxc3 Bf6 11. b4 Qe7 12. Bb2 d6 13. Rac1 Nd7 14. Qb3 Rae8 15.
a4 Kh8 16. Ba3 c5 17. dxc5 dxc5 18. b5 e5 19. Bb2 Rd8 20. Nh4 Bxg2 21. Nxg2 Bg5
1/2-1/2

[Event "SF Stadtverwaltung Bonn 1 - Langenfelde"]
[Site "NRW-Klasse - Gruppe 4 2019/20"]
[Date "2020.01.12"]
[Round "5.7"]
[White "Weisshaupt, Rainer"]
[Black "Dehmel, Jens"]
[Result "1/2-1/2"]
[WhiteElo "1975"]
[BlackElo "1955"]
[PlyCount "59"]
[EventDate "2020.??.??"]
[SourceVersionDate "2020.03.16"]
[WhiteTeam "Langenfelder SF 1"]
[BlackTeam "SF Stadtverwaltung Bonn 1"]

1. e4 e5 2. Nf3 Nc6 3. Bc4 Bc5 4. d3 d6 5. h3 Nf6 6. O-O h6 7. c3 O-O 8. a4 a6
9. Be3 Bxe3 10. fxe3 d5 11. exd5 Nxd5 12. Qe2 Be6 13. Nbd2 Re8 14. Qf2 Qd7 15.
Rfe1 Rad8 16. Ne4 Qe7 17. a5 f5 18. Ned2 Nf6 19. Nh4 Bxc4 20. Nxc4 Rxd3 21.
Qxf5 e4 22. Ng6 Qd7 23. Qxd7 Rxd7 24. Red1 Red8 25. Rxd7 Rxd7 26. Kf2 Rd8 27.
Ke2 Kf7 28. Nge5+ Nxe5 29. Nxe5+ Ke6 30. Nc4 1/2-1/2

[Event "SF Stadtverwaltung Bonn 1 - Langenfelde"]
[Site "NRW-Klasse - Gruppe 4 2019/20"]
[Date "2020.01.12"]
[Round "5.8"]
[White "Moos, Gerd Anton Ferdinan"]
[Black "Reuter, Michael"]
[Result "0-1"]
[WhiteElo "1864"]
[BlackElo "2033"]
[PlyCount "66"]
[EventDate "2020.??.??"]
[SourceVersionDate "2020.03.16"]
[WhiteTeam "SF Stadtverwaltung Bonn 1"]
[BlackTeam "Langenfelder SF 1"]

1. d4 Nf6 2. c4 e6 3. Nc3 d5 4. cxd5 exd5 5. Bg5 Be7 6. e3 c6 7. Bd3 O-O 8. Qc2
Nbd7 9. Nf3 Re8 10. O-O Ne4 11. Bxe7 Qxe7 12. Bxe4 dxe4 13. Nd2 Nf6 14. Rae1 b6
15. f3 exf3 16. gxf3 Bh3 17. Rf2 Rac8 18. e4 Nh5 19. f4 Nxf4 20. Nf3 c5 21. d5
c4 22. Rd1 Qd7 23. Nd4 Nd3 24. Rxd3 cxd3 25. Qxd3 Qg4+ 26. Kh1 Rxe4 27. Nde2
Ree8 28. d6 Qd7 29. Rf3 Bg4 30. Rf1 Rcd8 31. Rf4 Bxe2 32. Nxe2 Qxd6 33. Rd4
Qc6+ 0-1

[Event "Godesberger SK 2 - Langenfelder SF 1"]
[Site "NRW-Klasse - Gruppe 4 2019/20"]
[Date "2020.02.02"]
[Round "6.1"]
[White "Rechmann, Peter"]
[Black "Mantau, Jan"]
[Result "1/2-1/2"]
[WhiteElo "2202"]
[BlackElo "2144"]
[PlyCount "57"]
[EventDate "2020.??.??"]
[SourceVersionDate "2020.03.16"]
[WhiteTeam "Langenfelder SF 1"]
[BlackTeam "Godesberger SK 2"]

1. d4 Nf6 2. Nf3 g6 3. g3 Bg7 4. Bg2 O-O 5. O-O d5 6. c4 dxc4 7. Na3 Ne4 8.
Nxc4 Nd7 9. b3 Ndf6 10. Bb2 c6 11. e3 Be6 12. Rc1 Qc8 13. Ba3 Re8 14. Nfe5 Bh3
15. Qe2 Bxg2 16. Kxg2 Qe6 17. f3 Nd6 18. e4 Nh5 19. Rfd1 Nxc4 20. Qxc4 Qxc4 21.
Nxc4 Rad8 22. Na5 Rd7 23. d5 cxd5 24. Rxd5 Rxd5 25. exd5 Nf6 26. Rc7 b6 27. Nc6
Nxd5 28. Rxa7 Bf6 29. f4 1/2-1/2